Combien de ville des Pyrénées Orientales (66) connais-tu ? - Statistiques

Statistiques générales
  • Ce quiz a été pris 14 fois
  • Le résultat moyen est 60 sur 226
Statistiques - réponses
Code postal Ville % Correct
66020 Perpignan
100%
66704 Argelès-sur-Mer
92%
66160 Le Boulou
92%
66140 Canet-en-Roussillon
83%
66400 Céret
83%
66420 Le Barcarès
83%
66270 Le Soler
83%
66600 Rivesaltes
83%
66300 Thuir
83%
66330 Cabestany
75%
66190 Collioure
75%
66130 Ille-sur-Têt
75%
66500 Prades
75%
66350 Toulouges
75%
66180 Villeneuve-de-la-Raho
75%
66200 Alénya
67%
66650 Banyuls-sur-Mer
67%
66680 Canohès
67%
66290 Cerbère
67%
66200 Elne
67%
66310 Estagel
67%
66170 Millas
67%
66210 Mont-Louis
67%
66750 Saint-Cyprien
67%
66390 Baixas
58%
66600 Espira-de-l'Agly
58%
66660 Port-Vendres
58%
66800 Saillagouse
58%
66250 Saint-Laurent-de-la-Salanque
58%
66600 Salses-le-Château
58%
66720 Tautavel
58%
66430 Bompas
50%
66300 Castelnou
50%
66530 Claira
50%
66500 Eus
50%
66300 Fourques
50%
66200 Latour-Bas-Elne
50%
66210 Les Angles
50%
66380 Pia
50%
66450 Pollestres
50%
66300 Ponteilla
50%
66360 Py
50%
66240 Saint-Estève
50%
66510 Saint-Hippolyte
50%
66570 Saint-Nazaire
50%
66280 Saleilles
50%
66440 Torreilles
50%
66300 Trouillas
50%
66320 Vinça
50%
66150 Arles-sur-Tech
42%
66670 Bages
42%
66540 Baho
42%
66320 Marquixanes
42%
66460 Maury
42%
66170 Néfiach
42%
66470 Sainte-Marie-la-Mer
42%
66220 Saint-Paul-de-Fenouillet
42%
66200 Théza
42%
66760 Ur
42%
66500 Villefranche-de-Conflent
42%
66410 Villelongue-de-la-Salanque
42%
66600 Vingrau
42%
66600 Calce
33%
66300 Camélas
33%
66600 Cases-de-Pène
33%
66550 Corneilla-la-Rivière
33%
66210 Formiguères
33%
66720 Latour-de-France
33%
66480 Le Perthus
33%
66300 Llupia
33%
66300 Passa
33%
66370 Pézilla-la-Rivière
33%
66690 Saint-André
33%
66170 Saint-Féliu-d'Amont
33%
66170 Saint-Féliu-d'Avall
33%
66300 Villemolaque
33%
66110 Amélie-les-Bains-Palalda
25%
66620 Brouilla
25%
66300 Caixas
25%
66220 Caudiès-de-Fenouillèdes
25%
66500 Codalet
25%
66800 Err
25%
66800 Eyne
25%
66360 Fontpédrouse
25%
66120 Font-Romeu-Odeillo-Via
25%
66210 La Cabanasse
25%
66480 L'Albère
25%
66740 Laroque-des-Albères
25%
66760 Latour-de-Carol
25%
66300 Llauro
25%
66800 Llo
25%
66210 Matemale
25%
66200 Montescot
25%
66500 Mosset
25%
66360 Olette
25%
66400 Oms
25%
66600 Opoul-Périllos
25%
66560 Ortaffa
25%
66600 Peyrestortes
25%
66300 Sainte-Colombe-de-la-Commanderie
25%
66260 Saint-Laurent-de-Cerdans
25%
66300 Terrats
25%
66300 Tresserre
25%
66320 Valmanya
25%
66220 Vira
25%
66760 Angoustrine-Villeneuve-des-Escaldes
17%
66220 Ansignan
17%
66320 Baillestavy
17%
66300 Banyuls-dels-Aspres
17%
66720 Bélesta
17%
66210 Bolquère
17%
66130 Bouleternère
17%
66760 Bourg-Madame
17%
66400 Calmeilles
17%
66720 Caramany
17%
66500 Catllar
17%
66820 Corneilla-de-Conflent
17%
66200 Corneilla-del-Vercol
17%
66260 Coustouges
17%
66320 Espira-de-Conflent
17%
66360 Jujols
17%
66110 La Bastide
17%
66230 Lamanère
17%
66720 Lansac
17%
66730 Le Vivier
17%
66500 Los Masos
17%
66360 Mantet
17%
66480 Maureillas-las-Illas
17%
66130 Montalba-le-Château
17%
66740 Montesquieu-des-Albères
17%
66720 Montner
17%
66690 Palau-del-Vidre
17%
66730 Pézilla-de-Conflent
17%
66130 Prunet-et-Belpuig
17%
66400 Reynès
17%
66320 Rodès
17%
66490 Saint-Jean-Pla-de-Corts
17%
66690 Sorède
17%
66730 Sournia
17%
66320 Tarerach
17%
66300 Tordères
17%
66130 Trévillach
17%
66220 Trilla
17%
66610 Villeneuve-la-Rivière
17%
66490 Vivès
17%
66320 Arboussols
8%
66130 Boule-d'Amont
8%
66500 Campôme
8%
66730 Campoussy
8%
66720 Cassagnes
8%
66360 Caudiès-de-Conflent
8%
66130 Corbère
8%
66130 Corbère-les-Cabanes
8%
66120 Égat
8%
66760 Enveitg
8%
66800 Estavar
8%
66320 Estoher
8%
66730 Feilluns
8%
66220 Fenouillet
8%
66820 Fillols
8%
66210 Fontrabiouse
8%
66320 Glorianes
8%
66320 Joch
8%
66210 La Llagonne
8%
66480 Les Cluses
8%
66220 Lesquerde
8%
66230 Le Tech
8%
66500 Molitg-les-Bains
8%
66300 Montauriol
8%
66110 Montbolo
8%
66360 Oreilla
8%
66340 Osséja
8%
66210 Planès
8%
66720 Planèzes
8%
66760 Porta
8%
66760 Porté-Puymorens
8%
66230 Prats-de-Mollo-la-Preste
8%
66730 Prats-de-Sournia
8%
66220 Prugnanes
8%
66210 Puyvalador
8%
66720 Rasiguères
8%
66500 Ria-Sirach
8%
66320 Rigarda
8%
66220 Saint-Arnac
8%
66300 Saint-Jean-Lasseille
8%
66110 Saint-Marsal
8%
66210 Sauto
8%
66360 Serdinya
8%
66230 Serralongue
8%
66400 Taillet
8%
66120 Targasonne
8%
66110 Taulis
8%
66500 Taurinya
8%
66500 Urbanya
8%
66820 Vernet-les-Bains
8%
66740 Villelongue-dels-Monts
8%
66360 Ayguatébia-Talau
0%
66360 Canaveilles
0%
66130 Casefabre
0%
66820 Casteil
0%
66500 Clara-Villerach
0%
66500 Conat
0%
66150 Corsavy
0%
66760 Dorres
0%
66360 Escaro
0%
66320 Finestret
0%
66220 Fosse
0%
66820 Fuilla
0%
66150 Montferrer
0%
66340 Nahuja
0%
66500 Nohèdes
0%
66360 Nyer
0%
66340 Palau-de-Cerdagne
0%
66730 Rabouillet
0%
66360 Railleu
0%
66210 Réal
0%
66360 Sahorre
0%
66800 Sainte-Léocadie
0%
66740 Saint-Génis-des-Fontaines
0%
66220 Saint-Martin-de-Fenouillet
0%
66130 Saint-Michel-de-Llotes
0%
66210 Saint-Pierre-dels-Forcats
0%
66360 Sansa
0%
66360 Souanyas
0%
66360 Thuès-Entre-Valls
0%
66340 Valcebollère
0%
Aucun quiz correspondant
Distribution des résultats
% des personnes avec chaque résultat
Percentile par nombre de réponses
Votre historique - résultats
Vous n’avez pas pris ce quiz